Najväčšia derivátová pozícia JP Morgan Chase priniesla stratu

Jedna osoba viaže na seba veľký objem obchodov s CDS. Informácia o maklérovi JP Morgan Chaseovi, z londýnskej pobočky.

Saved in:
Bibliographic Details
Main Author: Bačišin, Vladimír
Format: Book Chapter
Language:Slovak
Subjects:
Tags: Add Tag
No Tags, Be the first to tag this record!

MARC

LEADER 00000naa a2200000 4500
001 0157039
005 20231005091802.4
041 0 |a slo 
044 |a SK 
245 1 0 |a Najväčšia derivátová pozícia JP Morgan Chase priniesla stratu  |c Vladimír Bačišin 
520 |a Jedna osoba viaže na seba veľký objem obchodov s CDS. Informácia o maklérovi JP Morgan Chaseovi, z londýnskej pobočky. 
610 2 0 |a trh finančný 
610 2 0 |a deriváty 
610 2 0 |a papiere cenné 
610 2 0 |a stratégia investičná 
610 2 0 |a osobnosť 
610 2 0 |a makléri 
100 1 |a Bačišin, Vladimír